| 000 | 00458nam a22001217a 4500 | ||
|---|---|---|---|
| 082 |
_a343.5491054 _bIRF |
||
| 100 | _aIrfan Ul Haq, Muhammad | ||
| 245 |
_aManual of Land Revenue Laws: _bwest Pakistan | Punjab | Sindh | Baluchistan and Khyber Pakhtunkhwa with all amendments and up to date case laws / _cMuhammad Irfan Ul Haq |
||
| 260 |
_aLahore : _bAl-Haq Law Book Center, _c2022. |
||
| 300 |
_a1282 p. ; _c24 cm. |
||
| 563 | _aHBK. | ||
| 942 |
_2ddc _cBK |
||
| 999 |
_c592419 _d592419 |
||